Alle Stationen der S-Bahn S8 (Rhein-Ruhr) - Statistiken

Allgemein
  • Dieses Quiz wurde 33 mal gespielt
  • Das Durchschnittsergebnis liegt bei 20 aus 37
Antwortstatistiken
Station % Korrekt
Düsseldorf Hbf
88%
Mönchengladbach Hbf
88%
Wuppertal-Oberbarmen
88%
Neuss Hbf
83%
Düsseldorf-Bilk
79%
Hagen Hbf
79%
Wuppertal Hbf
79%
Wuppertal-Unterbarmen
75%
Schwelm
71%
Wuppertal Vohwinkel
71%
Haan-Gruiten
67%
Gevelsberg Hbf
63%
Düsseldorf-Hamm
58%
DüsseldorfFriedrichstadt
54%
Düsseldorf-Gerresheim
54%
DüsseldorfVölklinger Straße
54%
Erkrath
54%
Neuss Am Kaiser
54%
Neuss Rheinparkcenter
54%
Schwelm West
54%
Wuppertal-Zoologischer
Garten
54%
Korschenbroich
50%
Gevelsberg-Kipp
46%
Gevelsberg-West
46%
Hochdahl
46%
Kleinenbroich
46%
Büttgen
42%
Düsseldorf-Flingern
42%
Hagen-Westerbauer
42%
Mönchengladbach-Lürrip
42%
Wuppertal-Steinbeck
42%
Gevelsberg-Knapp
38%
Wuppertal-Langerfeld
38%
Hochdahl-Milrath
33%
Hagen-Heubing
29%
Hagen-Wehringhausen
25%
Wuppertal-Sonnenborn
13%
Keine übereinstimmenden Quizze gefunden
Verteilung der Resultate
Anzahl Personen mit jedem Resultat
Perzentil nach korrekt beantworteten Fragen
Ihre Resultats-Entwicklung
Sie haben dieses Quiz noch nicht gespielt